Регионална библиотека "Любен Каравелов" - Русе

Легион: Многото животи на Стивън Лийдс (Запис номер 435627)

MARC детайли
000 -Лидер
Контролно поле с фиксирана дължина 00999nam a2200265 a 4500
003 - Код на организацията, давaща контролен номер
Контролно поле BLK
005 - Дата и час на последна редакция
Контролно поле 20250217122146.0
008 - Елементи от данни с фиксирана дължина
fixed length control field 180410b bul|||||r ||||||| ||bul||
020 ## - Международен стандартен номер на книга ISBN
Международен стандартен номер на книга ISBN 9786191932108
040 ## - Източник на каталожния запис
Идентификатор на билиотеката - собственик на записа BLK
041 ## - Код за език
Код за езика на текст/звукозапис или на отделно заглавие Български
Код за езика КДБФ Български
080 ## - УДК
Текстов определител УДК Американска литература (на САЩ)
УДК код - определител по УДК 821.111(73)
УДК определител -312.9
УДК - код + определител 821.111(73)-312.9
100 ## - Редна дума - Автор
Автор Сандерсън, Брандън
Авторска отговорност първи автор
R(LIN) 347185
139 ## - Редно поле
Редна дума Сандерсън, Брандън
Авторски знак Сан - С 18
245 10 - Сведения за заглавието
Заглавие Легион: Многото животи на Стивън Лийдс
Редно поле (дума) Брандън Сандърсън; прев. Цветана Генчева
257 ## - Страна на издаване
Страна на създаване/издаване Съединени американски щати
260 ## - Област на издателските данни
Име на издателя, разпространителя и проч. Артлайн Студиос
Година на издаване 2021
9 (RLIN) 217678
Място на издаване, разпространение и проч. София
Информация за издателството Студио Арт Лайн
300 ## - Физическа характеристика
Страници 354 с.
Размери/Мащаб 21 см
380 ## - Жанр
Жанр Худож. лит.
852 ## - Местоположение
Фондова буква Заемна - подръчен фонд
Систематично-азбучна сигнатура 821-31/С 18 Б
999 ## - СИСТЕМНИ КОНТРОЛНИ НОМЕРА
Koha biblionumber 435627
Koha biblioitemnumber 435627
942 ## - АРТИКУЛИ
Вид на библиотечния материал Книги
Скрит в OPAC Не
Koha issues (borrowed), all copies 13
Периодичен библиозапис Не
944 ## - СЪЗДАВАНЕ И РЕДАКЦИЯ на ЗАПИСА
Създаване/Редакция Създаване
Дата на регистрацията/редакция 2020-01-02
Служител, извършил регистрацията/редакцията 30530
Статус, дата на статуса Минев Младен
999 ## - СИСТЕМНИ КОНТРОЛНИ НОМЕРА
Koha biblioitemnumber 347494
999 ## - СИСТЕМНИ КОНТРОЛНИ НОМЕРА
Koha biblioitemnumber 347494
Наличности
Код за отписване Код за изгубен артикул Източник на класификационната схема Код за повреда Коз за рестрикции Код за отдаване Артикулен № Име на библиотеката - собственик Име на библиотеката, в която се намира в момента Статус (Текущо местоположение) Дата на вписване в системата Местоположение - отдел Цена в лева Систематично азбучна сигнатура Баркод Цена в евро Служебен тип на артикула
  Не е изгубен Universal Decimal Classification Не е повреден без рестрикции заемане за дома 860111 Регионална библиотека "Любен Каравелов" Русе Регионална библиотека "Любен Каравелов" Русе Заемна - подръчен фонд 2021-11-04 Заемна - подръчен фонд 12.10 821-31/С 18 Б 120000861976 6.19 Книги
  Не е изгубен Universal Decimal Classification Не е повреден без рестрикции заемане за дома 860112 Регионална библиотека "Любен Каравелов" Русе Регионална библиотека "Любен Каравелов" Русе Заемна - подръчен фонд 2021-11-04 Заемна - подръчен фонд 12.10 821-31/С 18 Б 120000861975 6.19 Книги
Vip Innovations Ltd, Rousse, Bulgaria 2025